LEADER 01328nam a2200313 u 4500 001 000000062420 003 CaOOAMICUS 005 20070226121131.0 008 010928s1993 it u000 u ita u 020 $a8810304209 035 $a10904655 040 $aPUL(R)$bita 100 1 $aGentili, Antonio.$0(OLS)http://pul/name/42536 245 13$aLa spiritualitą della Riforma Cattolica :$bla spiritualitą italiana dal 1500 al 1650 /$cAntonio Gentilii, Mauro Ragazzoni. 260 $aBologna :$bDehoniane,$cc1993. 300 $a414 p. ;$c22 cm 490 1 $aStoria della spiritualitą ;$v5/C 500 $aContiene indice. 504 $aBibliografia in nota. 650 4$aSpiritualitą.$0(OLS)http://pul/subject/843 700 1 $aRagazzoni, Mauro.$0(OLS)http://pul/name/42537 830 0$aStoria della spiritualitą ;$v5/C.$0(OLS)http://pul/title/63571 850 $aPUL 852 $aPUL$W1$xSL Religione 1$y3$m41 P 5/C$j81170$nBK-PRI$b $qStampati$B81170$CPULBib$Z2$F81170 $H $81 941 1 $a8 961 $aINV: 70091 996 $6020$a8810304209$9(OLS)http://pul/number/80961 996 $6245$aLa spiritualitą della Riforma Cattolica :$bla spiritualitą italiana dal 1500 al 1650$9(OLS)http://pul/title/83287 996 $6260$aBologna :$bDehoniane$9(OLS)http://pul/publisher/48655 LEADER 01399nam a2200265 u 4500 001 000000052810 003 CaOOAMICUS 005 20070226115506.0 008 001025s1971 it u000 u eng u 035 $a10859448 040 $aPUL(R)$bita 041 1 $aeng$hita 100 1 $aCodevilla, Giovanni.$0(OLS)http://pul/name/769 245 14$aThe Attitude of the Soviet State towards Religion :$ba report presented at the International Symposium on Religion and Atheism in Communist Societies, at Carleton University, Ottawa, between the 31st of March and the 4th of April, 1971 /$cGiovanni Codevilla. 260 $aMilano :$bRussia Cristiana,$c1971. 300 $a75 p. ;$c22 cm 500 $aContiene indici. 504 $aBibliografia in nota. 650 04$aChiesa cattolica$xpastorale$xgiovani.$0(OLS)http://pul/subject/2596 850 $aPUL 852 $aPUL$W1$xDP1 Fondo Ciprotti$y59$m1544 F 44$j69753$nBK-PRI$b $qFondi$B69753$CPULBib$Z2$F69753 $H $81 941 1 $a1 961 $aINV: F. Ciprotti 996 $6245$aThe Attitude of the Soviet State towards Religion :$ba report presented at the International Symposium on Religion and Atheism in Communist Societies, at Carleton University, Ottawa, between the 31st of March and the 4th of April, 1971$9(OLS)http://pul/title/70815 996 $6260$aMilano :$bRussia Cristiana$9(OLS)http://pul/publisher/68384